<?xml version="1.0" encoding="UTF-8"?>
<record
    xmlns:xsi="http://www.w3.org/2001/XMLSchema-instance"
    xsi:schemaLocation="http://www.loc.gov/MARC21/slim http://www.loc.gov/standards/marcxml/schema/MARC21slim.xsd"
    xmlns="http://www.loc.gov/MARC21/slim">

  <leader>03353nab a2200613   4500</leader>
  <controlfield tag="003">AR-RoUNA</controlfield>
  <datafield tag="040" ind1=" " ind2=" ">
    <subfield code="a">AR-RoUNA</subfield>
  </datafield>
  <datafield tag="245" ind1="1" ind2="0">
    <subfield code="a">Shopping centers y locales comerciales</subfield>
  </datafield>
  <datafield tag="300" ind1=" " ind2=" ">
    <subfield code="b">fot. byn.</subfield>
    <subfield code="b">plantas</subfield>
    <subfield code="c">30x23 cm.</subfield>
  </datafield>
  <datafield tag="505" ind1="0" ind2=" ">
    <subfield code="t">INDICE</subfield>
  </datafield>
  <datafield tag="505" ind1="0" ind2=" ">
    <subfield code="a">Julio Cacciatore arq. / Presentaci&#xF3;n. p. 9</subfield>
  </datafield>
  <datafield tag="505" ind1="0" ind2=" ">
    <subfield code="t">DISE&#xD1;O DEL ESPACIO PARA ACTIVIDADES COMERCIALES</subfield>
  </datafield>
  <datafield tag="505" ind1="0" ind2=" ">
    <subfield code="a">Iroshi Ibezawa /  El crecimiento de los shopping centers. p. 11</subfield>
  </datafield>
  <datafield tag="505" ind1="0" ind2=" ">
    <subfield code="a">Edward Suski / Impresiones acerca del shopping center norteamericano. p. 12</subfield>
  </datafield>
  <datafield tag="505" ind1="0" ind2=" ">
    <subfield code="t">UNICENTER SHOPPING</subfield>
  </datafield>
  <datafield tag="505" ind1="0" ind2=" ">
    <subfield code="a">Shopping Unicenter. Hipermercado Jumbo. p. 15</subfield>
  </datafield>
  <datafield tag="505" ind1="0" ind2=" ">
    <subfield code="a">Fuddruckers, Shopping Unicenter. p. 21</subfield>
  </datafield>
  <datafield tag="505" ind1="0" ind2=" ">
    <subfield code="a">Estudio Arenales / Vava, Shopping Unicenter. p. 24</subfield>
  </datafield>
  <datafield tag="505" ind1="0" ind2=" ">
    <subfield code="a">Estudio Aja Espil-Cobelo / Arique Dise&#xF1;os, Shopping Unicenter. p. 27</subfield>
  </datafield>
  <datafield tag="505" ind1="0" ind2=" ">
    <subfield code="t">SPINETTO SHOPPING CENTER</subfield>
  </datafield>
  <datafield tag="505" ind1="0" ind2=" ">
    <subfield code="a">Alfredo E. Iglesias. Gerencia de Construcciones del Hogar Obrero / Centro Integral de Consumo Spinetto. p. 31</subfield>
  </datafield>
  <datafield tag="505" ind1="0" ind2=" ">
    <subfield code="t">ARQUITECTURA COMERCIAL HISTORICA</subfield>
  </datafield>
  <datafield tag="505" ind1="0" ind2=" ">
    <subfield code="t">Jos&#xE9; Jumilla arq. /Arquitectura de las grandes tiendas en Rosario 1900/1950. p. 38</subfield>
  </datafield>
  <datafield tag="505" ind1="0" ind2=" ">
    <subfield code="a">Tienda La Favorita, Calle C&#xF3;rdoba y Sarmiento, Rosario, Santa Fe, Argentina. p. 39</subfield>
  </datafield>
  <datafield tag="505" ind1="0" ind2=" ">
    <subfield code="a">Estudio Conder, Farmer y Follet / Gath &amp; Chaves, (Hoy La Buena Vista). p. 40</subfield>
  </datafield>
  <datafield tag="505" ind1="0" ind2=" ">
    <subfield code="a">Jos&#xE9; Gerbino y Manuel Ocampo / Los Gobelinos, Calle C&#xF3;rdoba y San Mart&#xED;n, Rosario, Santa Fe, 1939. p. 41</subfield>
  </datafield>
  <datafield tag="505" ind1="0" ind2=" ">
    <subfield code="a">Casa T&#xED;a, Calle C&#xF3;rdoba, Rosario, Santa Fe, 1950. p. 43</subfield>
  </datafield>
  <datafield tag="505" ind1="0" ind2=" ">
    <subfield code="t">ARQUITECTURA COMERCIAL EN MENDOZA</subfield>
  </datafield>
  <datafield tag="505" ind1="0" ind2=" ">
    <subfield code="a">Silvia Cirvini arq. / Arquitectura comercial en Mendoza. p. 44</subfield>
  </datafield>
  <datafield tag="505" ind1="0" ind2=" ">
    <subfield code="a">Andr&#xE9;s y Basilio Petrazzi arqs. / El Pasaje Sotomayor. p. 44</subfield>
  </datafield>
  <datafield tag="505" ind1="0" ind2=" ">
    <subfield code="a">El Pasaje San Mart&#xED;n, Mendoza, Argentina. p. 46.</subfield>
  </datafield>
  <datafield tag="505" ind1="0" ind2=" ">
    <subfield code="t">INTRODUCCION AL ESTUDIO DE LAS GRANDES TIENDAS EN BUENOS AIRES 1880-1930</subfield>
  </datafield>
  <datafield tag="505" ind1="0" ind2=" ">
    <subfield code="a">Hirsch; Patti y Eduardo Forte / Introducci&#xF3;n al estudio de las Grandes Tiendas en Buenos Aires 1880-1930. p. 48</subfield>
  </datafield>
  <datafield tag="505" ind1="0" ind2=" ">
    <subfield code="a">Fleury Tronquoy / Casa Central Gath &amp; Chaves, calle Florida y Cangallo, Buenos Aires, Aagentina. p. 50</subfield>
  </datafield>
  <datafield tag="505" ind1="0" ind2=" ">
    <subfield code="a">Publicidad gr&#xE1;fica de grandes tiendas de Buenos Aires, 1910. p. 54</subfield>
  </datafield>
  <datafield tag="505" ind1="0" ind2=" ">
    <subfield code="t">LOCALES COMERCIALES EN BUENOS AIRES</subfield>
  </datafield>
  <datafield tag="505" ind1="0" ind2=" ">
    <subfield code="a">Ra&#xFA;l Lier, Alberto Tonconnogy arqs. / Show-room Argenblue - Wrangler Buenos Aires. p. 57</subfield>
  </datafield>
  <datafield tag="505" ind1="0" ind2=" ">
    <subfield code="a">Lidia J. Villagr&#xE1;n arq. / Bianca Lancia, Buenos Aires. p. 61</subfield>
  </datafield>
  <datafield tag="505" ind1="0" ind2=" ">
    <subfield code="a">Jaime Grinberg; Adriana Dwek y Gustavo Sartorio arqs. / Movie, Buenos Aires. p. 64</subfield>
  </datafield>
  <datafield tag="505" ind1="0" ind2=" ">
    <subfield code="a">V&#xED;ctor Carozza, Antonio ossani y Alberto Murais arqs. / Joyer&#xED;a Homero, Patio Bullrich. . 67</subfield>
  </datafield>
  <datafield tag="505" ind1="0" ind2=" ">
    <subfield code="a">Eduardo Falc&#xF3;n &amp; Asociados / Helader&#xED;a Freddo, Patio Bullrich. p. 70</subfield>
  </datafield>
  <datafield tag="505" ind1="0" ind2=" ">
    <subfield code="a">Vicente Basile y Marcelo Halac arqs. / Galer&#xED;a Pasaje El Lazo, Buenos Aires. p. 77</subfield>
  </datafield>
  <datafield tag="505" ind1="0" ind2=" ">
    <subfield code="a">Amette, Cassina y P&#xE9;rez Segura arqs. / New Deal, Buenos Aires. p. 81</subfield>
  </datafield>
  <datafield tag="650" ind1=" " ind2="4">
    <subfield code="a">Centros comerciales</subfield>
    <subfield code="9">1750</subfield>
  </datafield>
  <datafield tag="650" ind1=" " ind2="4">
    <subfield code="a">Shoppings</subfield>
    <subfield code="9">8200</subfield>
  </datafield>
  <datafield tag="651" ind1=" " ind2="0">
    <subfield code="9">193</subfield>
    <subfield code="a">Buenos Aires (Argentina)</subfield>
  </datafield>
  <datafield tag="651" ind1=" " ind2="0">
    <subfield code="a">Rosario (Santa Fe, Argentina)</subfield>
    <subfield code="9">1246</subfield>
  </datafield>
  <datafield tag="651" ind1=" " ind2="0">
    <subfield code="a">Mendoza (Argentina)</subfield>
    <subfield code="9">1138</subfield>
  </datafield>
  <datafield tag="773" ind1="0" ind2=" ">
    <subfield code="a">Summa-Tem&#xE1;tica</subfield>
    <subfield code="d">Buenos Aires, </subfield>
    <subfield code="g">N&#xBA;29 (feb-1989), p. 89</subfield>
  </datafield>
  <datafield tag="908" ind1=" " ind2=" ">
    <subfield code="a">Imp</subfield>
  </datafield>
  <datafield tag="942" ind1=" " ind2=" ">
    <subfield code="2">udc</subfield>
    <subfield code="c">ART</subfield>
  </datafield>
  <datafield tag="945" ind1=" " ind2=" ">
    <subfield code="d">2026-02-20</subfield>
  </datafield>
  <datafield tag="980" ind1=" " ind2=" ">
    <subfield code="6">5</subfield>
    <subfield code="a">Mar&#xED;a Machado</subfield>
    <subfield code="8"></subfield>
    <subfield code="g">CRON CRON</subfield>
  </datafield>
  <datafield tag="999" ind1=" " ind2=" ">
    <subfield code="c">12343</subfield>
    <subfield code="d">12343</subfield>
  </datafield>
  <datafield tag="952" ind1=" " ind2=" ">
    <subfield code="0">0</subfield>
    <subfield code="1">0</subfield>
    <subfield code="2">udc</subfield>
    <subfield code="4">0</subfield>
    <subfield code="7">0</subfield>
    <subfield code="a">AR-RoUNA</subfield>
    <subfield code="b">AR-RoUNA</subfield>
    <subfield code="c">Heme</subfield>
    <subfield code="d">2026-02-20</subfield>
    <subfield code="l">0</subfield>
    <subfield code="p">1002920</subfield>
    <subfield code="r">2026-02-20</subfield>
    <subfield code="t">ej. 1</subfield>
    <subfield code="w">2026-02-20</subfield>
    <subfield code="y">ART</subfield>
    <subfield code="k"></subfield>
    <subfield code="x"></subfield>
  </datafield>
</record>
